000 00441nam a2200145Ia 4500
008 230917s9999||||xx |||||||||||||| ||und||
040 _e168353
_aMAIN
041 _aEnglish
082 _a891.4317109 VA215:DV
100 _aधर्मवीर
245 0 _aअशोक बनाम वाजपेयी अशोक वाजपेयी
260 _aदिल्ली
_bवाणी
_c2004
300 _a65 पृ. p.
942 _cHN
999 _c128910
_d128910